Por los campos de batalla
Salvato in:
| Autore principale: | |
|---|---|
| Natura: | Libro |
| Lingua: | spagnolo |
| Pubblicazione: |
Valparaíso
Imprenta de la Armada
1922
|
| Edizione: | 1a. ed |
| Soggetti: | |
| Tags: |
Aggiungi Tag
Nessun Tag, puoi essere il primo ad aggiungerne!!
|
MARC
| LEADER | 00000nam a2200000 a 4500 | ||
|---|---|---|---|
| 001 | UCJ7793 | ||
| 003 | CL-VaPUC | ||
| 008 | 070124e19220000CL |||||||||||||||||spa|d | ||
| 082 | 0 | 4 | |a 910.4 |b ORR |2 21 |
| 100 | |a Orrego Luco, Augusto |e autor |9 339561 | ||
| 245 | 1 | 0 | |a Por los campos de batalla |
| 250 | |a 1a. ed | ||
| 300 | |a 161 p | ||
| 942 | |c BK | ||
| 945 | |d 20070124 00:00:00 |a rinostro | ||
| 260 | |a Valparaíso |b Imprenta de la Armada |c 1922 | ||
| 650 | 0 | |a Viajes |9 257115 | |
| 650 | 7 | |a GUERRA MUNDIAL I |2 CL-VaPUC |9 399774 | |
| 651 | 0 | |a Francia |9 255157 | |
| 583 | |a last modification |c 20070124 00:00:00 |k Rodrigo Vera | ||
| 999 | |c 323721 |d 323719 | ||
| 952 | |0 0 |1 0 |4 0 |6 910_400000000000000_ORR_1922 |7 0 |8 X |9 403495 |a FDOBUD |b FDOBUD |d 2019-11-22 |i 1068865 |o 910.4 ORR 1922 |p 1068865 |r 2019-11-22 |w 2019-11-22 |y BK_X |k BUD | ||